00396nam a2200145Ia 4500003000400000008004100004040001600045082001300061100002600074245007000100260003300170300001000203650001500213650002200228GCL140319s9999 xx 000 0 eng d aGCL / cGCL04a843bD P1 aDE LA FAYETTE, MADOME10aLA PRINCESSE DE CLEVES: SUIVIE DE ZAIDE / cDE LA FAYETTE, MADOME a[S.N] : bLAROUSSE ، c1989 a387 P04aLITERATURE04aFRENCH LITERATURE